000
00212 a2200109 4500
001
44134
040
_c
Anchieta - Aquarius
240
1
0
_a
Dona Árvore
_l
245
1
0
_a
Dona Árvore
650
4
_a
Música
942
_c
MU
999
_c
44134
_d
44134